| 000 | 00966 a2200217 4500 | ||
|---|---|---|---|
| 003 | NUST | ||
| 005 | 20221206123300.0 | ||
| 010 | _a 2003052710 | ||
| 020 | _a0262025493 (hc : alk. paper) | ||
| 040 | _cNust | ||
| 082 | 0 | 0 | _a153.32,BUR |
| 100 | 1 |
_aBurnett, Ron, _9104227 |
|
| 245 | 1 | 0 |
_aHow images think / _cRon Burnett. |
| 260 |
_aCambridge, Mass. : _bMIT Press, _cc2004. |
||
| 300 |
_axxi, 253 p. : _bill. ; _c24 cm. |
||
| 505 | _aVoltage Point and Image Words (Page-1), Images capes Mind and Body (Page-39), Foundations of Virtual Images (Page-57), Imagescapes as Ecology (Page-71), Simulation/ Viewing /Immersion (Page-93), Humans ------------Machines (Page-117), Computer Games and the Aesthetics of Human and Nonhuman Interaction(Page-199), Reanimating the World Waves of Interaction(Page-222). | ||
| 650 | 0 |
_aImagery (Psychology) _9104228 |
|
| 650 | 0 |
_aThought and thinking. _96711 |
|
| 650 | 0 |
_aVisual perception. _931933 |
|
| 942 |
_2ddc _cBK _k153.32,BUR |
||
| 999 |
_c178712 _d178712 |
||